000
00317 a2200109 4500
001
ART_18325
005
20260410161919.0
008
260409a
245
1
0
_a
La reciente reforma tributaria
100
1
_a
Schindel, Ángel
773
0
_t
La información
_g
- Tomo XXXIII, Nº 557 (mayo 1976)
_w
REV14902
999
_c
27531
_d
27531